000 00453pab a2200169 454500
008 180718b1995 xxu||||| |||| 00| 0 eng d
100 _aMukhia, Harbans
245 _aCommunal violence and transmutation of identities.
260 _c1995
300 _ap.1365-368
362 _a10 Jun
650 _aIsraeli - Palestinian conflict
650 _aViolence
650 _aCommunalism - India
773 _aEconomic and Political Weekly
909 _a28715
999 _c28715
_d28715